Top 10 des Villes de France - Statistiques

Statistiques générales
  • Ce quiz a été pris 451 fois
  • Le résultat moyen est 9 sur 10
Statistiques - réponses
Classement Réponse % Correct
1 Paris
100%
2 Marseille
99%
3 Lyon
95%
10 Lille
92%
9 Bordeaux
90%
4 Toulouse
90%
5 Nice
83%
8 Strasbourg
83%
6 Nantes
79%
7 Montpellier
72%
Aucun quiz correspondant
Distribution des résultats
% des personnes avec chaque résultat
Percentile par nombre de réponses
Votre historique - résultats
Vous n’avez pas pris ce quiz